| 000 | 05084nam a2200577 i 4500 | ||
|---|---|---|---|
| 001 | 196187 | ||
| 003 | ES-MaACL | ||
| 005 | 20250809052940.0 | ||
| 008 | 240817t20162017spca||| |||| 0|0 0dspa| | ||
| 015 |
_aLL2018 _2bnc |
||
| 017 |
_aDL B 25016-2017 _bBiblioteca de Catalunya |
||
| 035 | _a(ES-BaCBU).b70035726 | ||
| 035 | _a991040530329706706 | ||
| 040 |
_aES-BaBC _bcat _erda _cES-BaBC |
||
| 043 | _ae-hu--- | ||
| 080 |
_a929Perlasca, Giorgio _22004 |
||
| 080 |
_a341.485 _x(=411.16) _x(439) _22004 |
||
| 080 |
_a341.485 _x(=411.16) _x(439) _x"1939/1945" _22004 |
||
| 100 |
_aDeaglio, Enrico, _d1947- _9238458 _eaut |
||
| 240 | 1 | 0 |
_aBanalità del bene. _lEspañol |
| 245 | 1 | 3 |
_aLa Banalidad del bien : _bhistoria de Giorgio Perlasca / _cEnrico DeAglio ; presentación: Joaquín González Ibáñez, Javier López de Goicoechea, Juan Carlos Sainz-Borgo ; prólogo: Julio Andrés Sampedro Arrubla ; introducción a la edición española: Domenico Vecchioni, diplomático italiano ; traducción de la edición española: Gerardo Bovenzi, Francisco Laborda. |
| 250 | _aEdición no venal especial para Berg Institute | ||
| 264 | 1 |
_aBarcelona : _bEditorial Planeta, _c[2017]. |
|
| 264 | 4 | _c©2016 | |
| 300 |
_a236 pág. : _bilustraciones en blanco y negro ; _c24 cm. |
||
| 336 |
_atexto _btxt _2rdacontent |
||
| 337 |
_asin mediación _bn _2rdamedia |
||
| 338 |
_avolumen _bnc _2rdacarrier |
||
| 490 | 1 | _aBiblioteca literatura y derechos humanos | |
| 500 | _aEn la cubierta: Berg Institute. | ||
| 500 | _aTítulo original: La banalitá del bene | ||
| 520 | _aLa necesidad de recrear nuestras vidas, interpretarlas y darles sentido es una necesidad y al mismo tiempo una responsabilidad. El escritor Enrico Deaglio ha convenido la fantástica historia de Giorgio-Jorge Perlasca con calidad literaria, pero igualmente con absoluto rigor histórico en la obra La banalidad del bien. El relato biográfico de Perlasca es una fábula de lo posible; aquello que el hombre puede hacer, sobre la luminosa premisa de abrazar una idea de humanidad, ajena a fronteras culturales, pasaportes, etnias, lenguas, religiones e ideologías. Es una historia de una versión ilustrada de la humanidad en la época más abyecta de la Europa del siglo XX, extraordinaria, casi imposible, y por ello humana. La Biblioteca de Literatura y Derechos Humanos de Berg Institute ha querido entrelazar diversas narrativas que permitan desde la literatura conocer más y mejor el relato humano en su compromiso de defensa de la dignidad y la humanidad “del otro” y ser una referencia de cómo proteger en el siglo XXI los derechos humanos con solidaridad, imaginación y compromiso responsable. Con Perlasca entendemos que el bien no necesita de héroes para la Historia, sino la simple acción humana de comprender qué somos en la medida que miramos el rostro del otro y lo asumimos como nuestro propio reflejo. El bien no es algo complejo, sofisticado y elaborado. El bien surge de la con-miseración, de ser capaz de sufrir con el otro y hacer de su sufrimiento algo propio. Se trata de la co-responsabilidad con el que sufre persecución, odio y exclusión. A través de las víctimas accedemos a la Verdad que sólo puede ser develada por la víctima en su íntimo relato de la iniquidad sufrida. No hay humanidad sin acogida y cuidado del distinto, de las otras personas. Porque no somos seres humanos por nosotros mismos, lo somos en la medida que los otros nos reconocen como tales. Este libro sirve para conocer el principio de humanidad, que desconoce etnias, lenguas, culturas o religiones. Es el encuentro con el otro y la necesidad de ayudar al otro para completar nuestro sentido de humanidad. De responsabilidad. “Me gustaría que los jóvenes se interesaran por esta historia, no solo para conocer lo que sucedió en Europa, sino sobre lo que en el futuro pueda acontecer y aprendan de la historia para, en su caso, hacer frente a una violencia similar”. Giorgio Perlasca | ||
| 600 | 0 |
_aPerlasca, Giorgio, _d1910-1992 _2lemac _9238459 |
|
| 650 | 0 |
_aDiplomáticos- _zHungria- _xBiografia _2lemac _9238460 |
|
| 650 | 0 |
_aJudíos- _xPersecuciones- _zHungria _2lemac _9238461 |
|
| 650 | 0 |
_aHolocausto judío (1939-1945)- _zHungria _2lemac _9238462 |
|
| 700 |
_aGonzález Ibáñez, Joaquín, _d1970- _9238427 _eaui |
||
| 700 |
_aLópez de Goicoechea Zabala, Javier _9238463 _eaui |
||
| 700 |
_aSainz-Borgo, Juan Carlos _9238464 _eaut |
||
| 700 |
_aSampedro Arrubla, Julio Andrés _9238465 _eaui |
||
| 700 |
_aVecchioni, Domenico, _d1945- _9238466 _eaui |
||
| 700 |
_aBovenzi, Gerardo _9238467 _etrl |
||
| 700 |
_aLaborda, Francisco _9238468 _etrl |
||
| 830 | 0 |
_aBiblioteca literatura y derechos humanos _9238888 |
|
| 852 |
_aES-MaACL _bR.154534 _cDEPOJ _jN-9262 _hDonación: Editorial _xEncuadernación cartoné _9205216 |
||
| 942 |
_cMONOGRAFIA _n0 |
||
| 999 |
_c196187 _d196187 |
||